Welcome to WEB OPAC of MRSPTU Central Library

Computer Architecture and organization (Record no. 6389)

MARC details
000 -LEADER
fixed length control field 00451nam a2200169Ia 4500
008 - FIXED-LENGTH DATA ELEMENTS--GENERAL INFORMATION
fixed length control field 230711s9999||||xx |||||||||||||| ||und||
020 ## - INTERNATIONAL STANDARD BOOK NUMBER
International Standard Book Number 978-1-25-902856-4
041 ## - LANGUAGE CODE
Language code of text/sound track or separate title ENG
082 ## - DEWEY DECIMAL CLASSIFICATION NUMBER
Classification number 4.22
Item number HA-C
100 ## - MAIN ENTRY--PERSONAL NAME
Personal name Hayes,John P
245 #0 - TITLE STATEMENT
Title Computer Architecture and organization
250 ## - EDITION STATEMENT
Edition statement 3rd Ed.
260 ## - PUBLICATION, DISTRIBUTION, ETC.
Date of publication, distribution, etc. 2012
Place of publication, distribution, etc. New Delhi
Name of publisher, distributor, etc. McGraw Hill Education(India) Private Limited
300 ## - PHYSICAL DESCRIPTION
Extent 604p.
650 ## - SUBJECT ADDED ENTRY--TOPICAL TERM
Topical term or geographic name entry element Computer Engineering
942 ## - ADDED ENTRY ELEMENTS (KOHA)
Koha item type Book
Holdings
Withdrawn status Lost status Damaged status Not for loan Collection Home library Current library Date acquired Source of acquisition Cost, normal purchase price Inventory number Total checkouts Full call number Barcode Date last seen Price effective from Koha item type Date last checked out
          MRSPTU Central Library MRSPTU Central Library   Krishna Book Distributors 765.00 KBD/2016-2017/960842808   4.22 HA-C 37468 08/17/2023 08/17/2023 Book  
          MRSPTU Central Library MRSPTU Central Library   Krishna Book Distributors 765.00 KBD/2016-2017/960842808   4.22 HA-C 37469 08/17/2023 08/17/2023 Book  
          MRSPTU Central Library MRSPTU Central Library   Krishna Book Distributors 765.00 KBD/2016-2017/960842808 1 4.22 HA-C 37470 03/17/2025 08/17/2023 Book 01/17/2025
          MRSPTU Central Library MRSPTU Central Library   Krishna Book Distributors 765.00 KBD/2016-2017/960842808 5 4.22 HA-C 37471 02/06/2026 08/17/2023 Book 07/07/2025
          MRSPTU Central Library MRSPTU Central Library   Krishna Book Distributors 765.00 KBD/2016-2017/960842808   4.22 HA-C 37472 08/17/2023 08/17/2023 Book  

Website Designed and Developed by MRSPTU Central Library Team

E-mail Id: librarian@mrsptu.ac.in